| 000 -CABECERA |
| Longitud fija campo de control |
00741nam a22002177a 4500 |
| 003 - IDENTIFICADOR DEL NÚMERO DE CONTROL |
| Identificador del número de control |
OSt |
| 005 - FECHA Y HORA DE LA ÚLTIMA TRANSACCIÓN |
| Fecha y hora de la última transacción |
20130521160221.0 |
| 008 - CÓDIGOS DE INFORMACIÓN DE LONGITUD FIJA |
| Códigos de información de longitud fija |
130424s2005 sp ||||| |||| 00| 0 spa d |
| 040 ## - FUENTE DE LA CATALOGACIÓN |
| Centro transcriptor |
CDMR |
| 245 10 - MENCIÓN DE TÍTULO |
| Título |
Trazos |
| Resto del título |
: un siglo de ilustración y buen humor en Mundo Deportivo |
| 260 ## - PUBLICACIÓN, DISTRIBUCIÓN, ETC. (PIE DE IMPRENTA) |
| Lugar de publicación, distribución, etc. |
Barcelona |
| Nombre del editor, distribuidor, etc. |
Mundo Deportivo |
| 260 ## - PUBLICACIÓN, DISTRIBUCIÓN, ETC. (PIE DE IMPRENTA) |
| Lugar de publicación, distribución, etc. |
Madrid |
| Nombre del editor, distribuidor, etc. |
Obra social Caja Madrid |
| Fecha de publicación, distribución, etc. |
DL 2005 |
| 300 ## - DESCRIPCIÓN FÍSICA |
| Extensión |
95 p. |
| 500 ## - NOTA GENERAL |
| Nota general |
A la portada: 100 Mundo Deportivo 1906 2006 |
| 500 ## - NOTA GENERAL |
| Nota general |
Catàleg de l'exposició celebrada al Espai Cultural de l'Obra Social de Caja Madrid a Barcelona |
| 610 2# - PUNTO DE ACCESO ADICIONAL DE MATERIA - NOMBRE DE ENTIDAD CORPORATIVA |
| 9 (RLIN) |
2149 |
| Nombre de entidad corporativa o nombre de jurisdicción como elemento inicial |
Mundo Deportivo |
| Subdivisió,n de materia general |
Història |
| 650 04 - PUNTO DE ACCESO ADICIONAL DE MATERIA - TÉRMINO DE MATERIA |
| 9 (RLIN) |
3084 |
| Término de materia o nombre geográfico como elemento inicial |
Humorisme gràfic |
| 650 04 - PUNTO DE ACCESO ADICIONAL DE MATERIA - TÉRMINO DE MATERIA |
| 9 (RLIN) |
1696 |
| Término de materia o nombre geográfico como elemento inicial |
Premsa esportiva |
| 710 2# - PUNTO DE ACCESO ADICIONAL - NOMBRE DE ENTIDAD |
| 9 (RLIN) |
2149 |
| Nombre de entidad o nombre de jurisdicción como elemento inicial |
Mundo Deportivo |
| 942 ## - ENTRADA DE ELEMENTOS AGREGADOS (KOHA) |
| Fuente de clasificaión o esquema |
|
| Koha [por defecto] tipo de item |
Monografies |